00760nab a2200205 uc450000100070000000500170000700800410002403500110006503500210007604000130009704100080011010000390011824501450015765000460030265000420034865000200039077301150041094200100052599900190053555334220240827090312.0991007e19980301 spa  a553342 a(OCoLC)819813246 ccomduadb aspa10aBeltran, Alfonso4auteaut932654010aImbricacion de la politica de I+D de la UE en el sistema espaqol de ciencia y tecnologia : en relacion al ambito de tecnologia de aliementos 7aInvestigación y desarrollo2lemb919946 7aTecnología de alimentos2lemb92737 aEspaña9282110 tAlimentación, Equipos y Tecnología (Madrid)gVol. 17, No. 02, Mar. 1998, p. 109-113w6916x0212-168903171 cARIMP c129032d129032